书目信息 |
| 题名: |
发明
|
|
| 作者: | 戴森 著 ;毛大庆 译 | |
| 分册: | ||
| 出版信息: | 北京 中国纺织出版社 2022.04 |
|
| 页数: | 412页 | |
| 开本: | 21cm | |
| 丛书名: | ||
| 单 册: | ||
| 中图分类: | K835.615.38 | |
| 科图分类: | ||
| 主题词: | 企业家--qi ye jia--自传--英国--现代 | |
| 电子资源: | ||
| ISBN: | 978-7-5180-9326-7 | |
| 000 | 01239nam0 2200289 450 | |
| 001 | 011025154615 | |
| 005 | 20221025154615.0 | |
| 010 | @a978-7-5180-9326-7@b精装@dCNY109.90 | |
| 100 | @a20201004d2022 em y0chiy0110 ea | |
| 101 | 1 | @achi@ceng |
| 102 | @aCN@b110000 | |
| 105 | @aa z 000ya | |
| 106 | @ar | |
| 200 | 1 | @a发明@Afa ming@e詹姆斯·戴森创造之旅@dInvention: a life@f(英) 詹姆斯·戴森(James Dyson) 著@g毛大庆译@zeng |
| 210 | @a北京@c中国纺织出版社@d2022.04 | |
| 215 | @a412页@c图, 彩照@d21cm | |
| 300 | @a湛庐 | |
| 305 | @a由Simon & Schuster授权出版 | |
| 330 | @a本书讲述了戴森公司创始人戴森爵士的成长与创业历程,共12章,以时间顺序介绍了作者如何找到自己真正热爱的方向,如何将制造、设计、营销结合起来发展事业,以何种标准选拔人才,以及在面对被合作伙伴踢出公司、专利被大公司窃职、新产品迟迟打不开市场等创业困境时如何破解等。 | |
| 510 | 1 | @aInvention: a life@zeng |
| 517 | 1 | @a詹姆斯·戴森创造之旅@Azhan mu si dai sen chuang zao zhi lv |
| 606 | 0 | @a企业家@Aqi ye jia@x自传@y英国@z现代 |
| 610 | 0 | @a詹姆斯·戴森(1947-)@Azhan mu si dai sen (1947-) |
| 690 | @aK835.615.38@v5 | |
| 701 | 0 | @c(英)@a戴森@Adai sen@g(Dyson, James)@4著 |
| 702 | 0 | @a毛大庆@Amao da qing@4译 |
| 905 | @a河南城建学院图书馆@dK835.615.38@eZ053 | |
| 发明:詹姆斯·戴森创造之旅=Invention: a life/(英) 詹姆斯·戴森(James Dyson) 著/毛大庆译.-北京:中国纺织出版社,2022.04 |
| 412页:图, 彩照;21cm |
| 湛庐 |
| ISBN 978-7-5180-9326-7(精装):CNY109.90 |
| 本书讲述了戴森公司创始人戴森爵士的成长与创业历程,共12章,以时间顺序介绍了作者如何找到自己真正热爱的方向,如何将制造、设计、营销结合起来发展事业,以何种标准选拔人才,以及在面对被合作伙伴踢出公司、专利被大公司窃职、新产品迟迟打不开市场等创业困境时如何破解等。 |
| ● |
| 相关链接 |
|
|
|
正题名:发明
索取号:K835.615.38/Z053
 
预约/预借
| 序号 | 登录号 | 条形码 | 馆藏地/架位号 | 状态 | 备注 |
| 1 | 1590997 | 215909970 | 社科库309/309社科库 102排3列3层/ [索取号:K835.615.38/Z053] | 在馆 |